UM Logo
Normal view MARC view
  • Hurtado- Padilla, Cabrina

Entry Personal Name

Number of records used in: 1

001 - CONTROL NUMBER

  • control field: 42470

003 - CONTROL NUMBER IDENTIFIER

  • control field: OSt

005 - DATE AND TIME OF LATEST TRANSACTION

  • control field: 20201022143929.0

008 - FIXED-LENGTH DATA ELEMENTS

  • fixed length control field: 201022|| aca||aabn | a|a d

040 ## - CATALOGING SOURCE

  • Original cataloging agency: OSt
  • Transcribing agency: OSt

100 ## - HEADING--PERSONAL NAME

  • Personal name: Hurtado- Padilla, Cabrina

670 ## - SOURCE DATA FOUND

  • Source citation: Work cat.: (OSt): Hurtado- Padilla, Cabrina, Enriching oral communication skills/, ©1989.